000 nam a22 a 4500
999 _c2303
_d2303
005 20170516091806.0
008 170516b1978 xxu||||| |||| 00| 0 eng d
020 _a0278425321
040 _aAKMAL
082 _a428 CON
090 _a428
_bCON
100 _aDavid A. Conlin
_94810
245 _aOur Language Today
_bLevel E /
_cDavid A. Conlin
260 _aUSA
_bAmerican Book Company
_c1978
300 _a370 p.
_ccm
700 _aH. Thompson Fillmer
_94823
700 _aAnn Lefcourt
_94824
700 _aNell C. Thompson
_94825
942 _2ddc
_cBOOK